| 000 | 01794cam a22004094i 4500 | ||
|---|---|---|---|
| 003 | PE-LiUPU | ||
| 005 | 20250731175635.0 | ||
| 008 | 150625s r 000 0 d | ||
| 020 | _a968243890X | ||
| 035 | _a(Sirsi) i9789682438905 | ||
| 040 |
_aPE-LiUPU _bspa _cPE-LiUPU _erda |
||
| 049 | _aPRUA | ||
| 082 | 0 | 4 |
_a465.07 _bO73 _221 |
| 100 | 1 |
_aOrtuño Martínez, Manuel, _eautor. |
|
| 245 | 1 | 0 |
_aTeoría y práctica de la lingüística moderna / _cManuel Ortuño Martínez. |
| 250 | _a2a | ||
| 264 | 1 |
_aMéxico : _bTrillas, _c1979. |
|
| 300 |
_a209 páginas : _bilustraciones, esquémas ; _c23 centímetros |
||
| 336 |
_atext _2rdacontent |
||
| 337 |
_aunmediated _2rdamedia |
||
| 338 |
_avolume _2rdacarrier |
||
| 505 | 0 | _aComunicación y sociedad. -Principios y conceptos fundamentales. -Análisis ligüistico. -Análisis gramtical: Sintaxis. -Estudio especial del enunciado. -El enunciado compuesto. -Análisis gramtical: morfología. -Análisis fonológico. -Análisisi semántico. -El análisis lingüistico global. | |
| 526 | _aP145 | ||
| 526 | _aP127 | ||
| 526 | _aP97 | ||
| 526 | _aP35 | ||
| 526 | _aP14 | ||
| 526 | _aP07 | ||
| 541 | _g001-0029255; | ||
| 650 | 0 | 4 |
_aEspañol _xGramática _vEstudio y enseñanza. |
| 650 | 0 | 4 | _aLingüística. |
| 942 |
_2ddc _cBOOK |
||
| 949 |
_a465.07 O73 _wDEWEY _c1 _i59161 _d2015-8-7 _e2015-8-5 _lCCODEBUL1 _mBUL _n1 _p13.00 _r0 _sY _tBOOK _u2015-6-25 _xEDUCACION _PP20 _0COMPRA _o.STAFF. Colección General |
||
| 994 |
_aC0 _bPEPRU |
||
| 596 | _a1 | ||
| 999 |
_a465.07 O73 _wDEWEY _c47975 _i59161 _d47975 _e2017-9-7 _f2021-11-8 _g5 _lCCODEBUL1 _mBUL _n7 _p13.00 _q2 _r0 _sY _tBOOK _u2015-6-25 _xEDUCACION _PP20 _0COMPRA _o.STAFF. Colección General |
||
| 980 |
_81 _gALBERTO SANCHEZ Responsable de Automatización |
||